| 000 | 00994cam a22002774a 4500 | ||
|---|---|---|---|
| 005 | 20260322212059.0 | ||
| 008 | data | ||
| 010 | _a 2006921583 | ||
| 020 | _a9780446696036 | ||
| 020 | _a044669603X | ||
| 040 |
_aDLC _cDLC _dDLC |
||
| 050 | 0 | 0 |
_aBF1091 _b.W19 2006 |
| 092 | _a154.634 W19 2006 | ||
| 100 | 1 | _aWalden, Kelly Sullivan. | |
| 245 | 1 | 0 |
_aI had the strangest dream-- : _bthe dreamer's dictionary for the 21st century / _cKelly Sullivan Walden. |
| 250 | _a1st ed. | ||
| 260 |
_aNew York, NY : _bWarner Books, _c2006. |
||
| 300 |
_ax, 384 p. ; _c21 cm. |
||
| 650 | 0 |
_aDreams _vDictionaries. |
|
| 650 | 0 |
_aDream interpretation _vDictionaries. |
|
| 856 | 4 | 2 |
_3Publisher description _uhttp://www.loc.gov/catdir/enhancements/fy0914/2006921583-d.html |
| 906 |
_a7 _bcbc _corignew _d2 _eepcn _f20 _gy-gencatlg |
||
| 925 | 0 |
_aacquire _b2 shelf copies _xpolicy default |
|
| 001 | data | ||
| 999 |
_c1410 _d1410 |
||